000 00731nam a2200265Ia 4500
005 20260302114145.0
008 008 260114s9999 xx 000 0 eng d
020 _a9781350195875
037 _aTextbook
040 _aCRL
040 _beng
040 _cCRL
041 _2eng
041 _aeng
084 _qCRL
100 _aAnna Tomaszewska
_91117926
245 0 _aKant’s Rational Religion and the Radical Enlightenment From Spinoza to Contemporary Debates
260 _bBloomsbury
260 _bBloomsbury Academic
260 _c2022
650 _aPhilosophy
856 _uhttps://doi.org/10.5040/9781350195875?locatt=label:secondary_bloomsburyCollections
942 _cEBOOK
999 _c1681543
_d1681543